1873 1771 1692 1156 1854 1847 1385 1623 1414 1654 1359 1645 1086 1054 1785 1834 1662 1786 1998 1004 1760 1283 1784 1380 1486 1236 1415 1794 1765 1458 1619 1206 1895 1633 1934 1743 1489 1839 1932 1471 1253 1262 1589 1169 1904 1903 1919 1802 1099 1706 1073 1728 1474 1836 1785 1823 1014 1705 1141 1958 1501 1567 1968 1233 1805 1101 1387 1440 1394 1267 1583 1216 1175 1201 1795 1362 1017 1716 1298 1053 1888 1980 1984 1136 1695 1557 1494 1875 1694 1987 1234 1785 1278 1237 1450 1678 1446 1613 1076 BCNSPRNW ULIB Ver.6.0+V

เปลี่ยนเป็นภาษาไทย

Change to English
 แสดงรายละเอียดบรรณานุกรม
  กลับหน้าหลัก

Brief Record : Get Marc (ISO 2709) : E-mail record : QR code < ปิดหน้าต่าง
LEADER : 00000nam 2200000uu 4500
001    13399122538
003     ULIB
008    020711s2550 th a 000 0 tha d
020    9789748290164
060  4 WK810^bย441ม
100    ยุวนุช ทินนะลักษณ์.
245    มหัศจรรย์แห่ง KM เบาหวาน กรณีศึกษา : โรงพยาบาลพุทธชินราช พิษณุโลก. /^cยุวนุช ทินนะลักษณ์.
250    พิมพ์ครั้งที่ 1
260    กรุงเทพฯ :^bสถาบันส่งเสริมการจัดการความรู้เพื่อสังคม,^c2550
300    174 หน้า
650    KMเบาหวาน
650    เบาหวาน
945    ^p180^l0^i19988
999    ^aทศพร เกษรทอง
รายการนี้ยังไม่มีแท็ก
คุณยังไม่ได้ล็อกอิน คุณสามารถมีกิจกรรมร่วมกับเว็บไซต์ได้ แต่ต้องล็อกอินก่อน ::
  ล็อกอิน

รายการสื่อสารสนเทศ

ลำดับที่ ประเภท เลขเรียก/บาร์โค้ด สถานที่ สถานะ
- ไม่พบข้อมูล -

รายการใกล้เคียง
    หัวเรื่อง [เบาหวาน]

BibComment


ยังไม่เคยถูกคอมเมนท์

คอมเมนท์ทรัพยากรรายการนี้
  คอมเมนท์: มหัศจรรย์แห่ง KM ..


 Copyright 2026. Bcnsprnw @Library